Discours sur l'ensemble du positivisme /

Uloženo v:
Podrobná bibliografie
Hlavní autor: Comte, Auguste (autor)
Další autoři: Petit, Annie (presentación) (presentación)
Médium: Kniha
Jazyk:francouzština
Vydáno: París, Francia : Flammarion, 1998, c1998
Témata:
Tagy: Přidat tag
Žádné tagy, Buďte první, kdo vytvoří štítek k tomuto záznamu!

MARC

LEADER 00000nam^a2200000^a^4500
001 000622401
005 20251009000000.0
009 20260310133917.31
020 |a 2-08-070991-7 
025 |a Donación Jorge Rocha, 1 ejemplar 
037 |a Acervo ITESO - Biblioteca 
041 |a FRA 
082 |a 146. 4  |b COM OBR DIS 
100 |a Comte, Auguste  |e (autor) 
245 1 0 |a Discours sur l'ensemble du positivisme /  |c A. Comte ; presen. de A. Petit. 
264 4 |a París, Francia :  |b Flammarion,  |c 1998, c1998 
300 |a 464, [14] p. 
336 |a texto  |b txt  |2 rdacontenido 
337 |a sin mediación  |b n  |2 rdamedio 
338 |a volumen  |b nc  |2 rdasoporte 
649 |a XX 
650 |a Evolución Social 
650 |a Epistemología 
650 |a Sociología 
650 |a Ciencias Sociales 
650 |a Positivismo -  |x Tema Principal 
650 |a Filosofía del Siglo XIX 
650 |a Filosofía Francesa 
700 |a Petit, Annie  |e (presentación) 
910 |a Fondo General 
920 |a Impresos - Libros 
930 |a Colección General 
905 |a 101 
901 |a 622401-10  |b IT1  |c ACC  |i D  |u 20251009 
902 |a https://opac.biblio.iteso.mx/vufind/Record/000622401